<?xml version="1.0" encoding="UTF-8"?>
<record
    xmlns:xsi="http://www.w3.org/2001/XMLSchema-instance"
    xsi:schemaLocation="http://www.loc.gov/MARC21/slim http://www.loc.gov/standards/marcxml/schema/MARC21slim.xsd"
    xmlns="http://www.loc.gov/MARC21/slim">

  <leader>01467nam0a22003251  4500</leader>
  <controlfield tag="001">rc\3189976</controlfield>
  <controlfield tag="005">20120628150553.0</controlfield>
  <datafield tag="021" ind1=" " ind2=" ">
    <subfield code="a">RU</subfield>
    <subfield code="b">[75-49596]</subfield>
  </datafield>
  <datafield tag="035" ind1=" " ind2=" ">
    <subfield code="a">(NLR Aleph) 007339232</subfield>
  </datafield>
  <datafield tag="090" ind1=" " ind2=" ">
    <subfield code="a">6091385</subfield>
    <subfield code="c">6091385</subfield>
  </datafield>
  <datafield tag="100" ind1=" " ind2=" ">
    <subfield code="a">20120628d1975    u  y0rusy50      ca</subfield>
  </datafield>
  <datafield tag="101" ind1="0" ind2=" ">
    <subfield code="a">rus</subfield>
  </datafield>
  <datafield tag="102" ind1=" " ind2=" ">
    <subfield code="a">RU</subfield>
  </datafield>
  <datafield tag="105" ind1=" " ind2=" ">
    <subfield code="a">a   z   |||a|</subfield>
  </datafield>
  <datafield tag="200" ind1="1" ind2=" ">
    <subfield code="a">&#x413;&#x435;&#x440;&#x43E;&#x438;&#x447;&#x435;&#x441;&#x43A;&#x438;&#x435; &#x43F;&#x43E;&#x44D;&#x43C;&#x44B;</subfield>
    <subfield code="e">&#x421;&#x431;&#x43E;&#x440;&#x43D;&#x438;&#x43A;</subfield>
    <subfield code="f">[&#x418;&#x43B;.: &#x415;. &#x421;&#x438;&#x43D;&#x438;&#x43B;&#x43E;&#x432;</subfield>
  </datafield>
  <datafield tag="205" ind1=" " ind2=" ">
    <subfield code="a">&#x41F;&#x435;&#x440;&#x435;&#x438;&#x437;&#x434;.]</subfield>
  </datafield>
  <datafield tag="210" ind1=" " ind2=" ">
    <subfield code="a">&#x412;&#x43E;&#x440;&#x43E;&#x43D;&#x435;&#x436;</subfield>
    <subfield code="c">&#x426;&#x435;&#x43D;&#x442;&#x440;.-&#x427;&#x435;&#x440;&#x43D;&#x43E;&#x437;&#x435;&#x43C;. &#x43A;&#x43D;. &#x438;&#x437;&#x434;-&#x432;&#x43E;</subfield>
    <subfield code="d">1975</subfield>
  </datafield>
  <datafield tag="215" ind1=" " ind2=" ">
    <subfield code="a">328 &#x441;.</subfield>
    <subfield code="c">&#x438;&#x43B;.</subfield>
    <subfield code="d">20</subfield>
  </datafield>
  <datafield tag="327" ind1="1" ind2=" ">
    <subfield code="a">&#x421;&#x43E;&#x434;&#x435;&#x440;&#x436;.: &#x412;&#x43B;&#x430;&#x434;&#x438;&#x43C;&#x438;&#x440; &#x418;&#x43B;&#x44C;&#x438;&#x447; &#x41B;&#x435;&#x43D;&#x438;&#x43D; / &#x412;. &#x41C;&#x430;&#x44F;&#x43A;&#x43E;&#x432;&#x441;&#x43A;&#x438;&#x439;; &#x413;&#x43B;&#x430;&#x432;&#x43D;&#x430;&#x44F; &#x443;&#x43B;&#x438;&#x446;&#x430; / &#x414;. &#x411;&#x435;&#x434;&#x43D;&#x44B;&#x439;; &#x412;&#x430;&#x441;&#x438;&#x43B;&#x438;&#x439; &#x422;&#x435;&#x440;&#x43A;&#x438;&#x43D; / &#x410;. &#x422;&#x432;&#x430;&#x440;&#x434;&#x43E;&#x432;&#x441;&#x43A;&#x438;&#x439;; &#x417;&#x43E;&#x44F; / &#x41C;. &#x410;&#x43B;&#x438;&#x433;&#x435;&#x440;; &#x421;&#x435;&#x440;&#x434;&#x446;&#x435; &#x438; &#x434;&#x43D;&#x435;&#x432;&#x43D;&#x438;&#x43A; / &#x421;. &#x421;&#x43C;&#x438;&#x440;&#x43D;&#x43E;&#x432;</subfield>
  </datafield>
  <datafield tag="464" ind1=" " ind2="0">
    <subfield code="1">2001#$a&#x412;&#x430;&#x441;&#x438;&#x43B;&#x438;&#x439; &#x422;&#x435;&#x440;&#x43A;&#x438;&#x43D;</subfield>
    <subfield code="1">700#1$a&#x422;&#x432;&#x430;&#x440;&#x434;&#x43E;&#x432;&#x441;&#x43A;&#x438;&#x439;$b&#x410;.</subfield>
  </datafield>
  <datafield tag="464" ind1=" " ind2="0">
    <subfield code="1">2001#$a&#x417;&#x43E;&#x44F;</subfield>
    <subfield code="1">700#1$a&#x410;&#x43B;&#x438;&#x433;&#x435;&#x440;$b&#x41C;.</subfield>
  </datafield>
  <datafield tag="464" ind1=" " ind2="0">
    <subfield code="1">2001#$a&#x421;&#x435;&#x440;&#x434;&#x446;&#x435; &#x438; &#x434;&#x43D;&#x435;&#x432;&#x43D;&#x438;&#x43A;</subfield>
    <subfield code="1">700#1$a&#x421;&#x43C;&#x438;&#x440;&#x43D;&#x43E;&#x432;$b&#x421;.</subfield>
  </datafield>
  <datafield tag="464" ind1=" " ind2="0">
    <subfield code="1">2001#$a&#x413;&#x43B;&#x430;&#x432;&#x43D;&#x430;&#x44F; &#x443;&#x43B;&#x438;&#x446;&#x430;</subfield>
    <subfield code="1">700#1$a&#x411;&#x435;&#x434;&#x43D;&#x44B;&#x439;$b&#x414;.</subfield>
  </datafield>
  <datafield tag="464" ind1=" " ind2="0">
    <subfield code="1">2001#$a&#x412;&#x43B;&#x430;&#x434;&#x438;&#x43C;&#x438;&#x440; &#x418;&#x43B;&#x44C;&#x438;&#x447; &#x41B;&#x435;&#x43D;&#x438;&#x43D;</subfield>
    <subfield code="1">700#1$a&#x41C;&#x430;&#x44F;&#x43A;&#x43E;&#x432;&#x441;&#x43A;&#x438;&#x439;$b&#x412;.</subfield>
    <subfield code="1">702#1$a&#x41B;&#x435;&#x43D;&#x438;&#x43D;$b&#x412;.&#x418;.$g&#x412;&#x43B;&#x430;&#x434;&#x438;&#x43C;&#x438;&#x440; &#x418;&#x43B;&#x44C;&#x438;&#x447;$4570</subfield>
  </datafield>
  <datafield tag="702" ind1=" " ind2="1">
    <subfield code="a">&#x421;&#x438;&#x43D;&#x438;&#x43B;&#x43E;&#x432;</subfield>
    <subfield code="b">&#x415;.</subfield>
    <subfield code="4">440</subfield>
  </datafield>
  <datafield tag="801" ind1=" " ind2="0">
    <subfield code="a">RU</subfield>
    <subfield code="b">NLR</subfield>
    <subfield code="g">psbo</subfield>
  </datafield>
  <datafield tag="801" ind1=" " ind2="1">
    <subfield code="a">RU</subfield>
    <subfield code="b">ELAR</subfield>
    <subfield code="2">rusmarc</subfield>
  </datafield>
  <datafield tag="852" ind1=" " ind2=" ">
    <subfield code="a">NLR</subfield>
    <subfield code="j">75-3/3632</subfield>
  </datafield>
  <datafield tag="942" ind1=" " ind2=" ">
    <subfield code="c">BOOK</subfield>
  </datafield>
  <datafield tag="980" ind1=" " ind2=" ">
    <subfield code="a">NB</subfield>
  </datafield>
  <datafield tag="995" ind1=" " ind2=" ">
    <subfield code="5">2013-10-26</subfield>
    <subfield code="b">NLR01</subfield>
    <subfield code="c">NLR01</subfield>
    <subfield code="e">RF91</subfield>
    <subfield code="f">7339232-10</subfield>
    <subfield code="k">75-3/3632</subfield>
    <subfield code="o">0</subfield>
    <subfield code="r">BOOK</subfield>
    <subfield code="s">7533632_</subfield>
  </datafield>
</record>
